OILS (Record no. 57935)

000 -LEADER
fixed length control field 00458nam a22001937a 4500
003 - CONTROL NUMBER IDENTIFIER
control field MPLRDC
005 - DATE AND TIME OF LATEST TRANSACTION
control field 20220104170419.0
008 - FIXED-LENGTH DATA ELEMENTS--GENERAL INFORMATION
fixed length control field 210129b ||||| |||| 00| 0 eng d
020 ## - INTERNATIONAL STANDARD BOOK NUMBER
International Standard Book Number 0-600-57422-9
082 ## - DEWEY DECIMAL CLASSIFICATION NUMBER
Classification number 948.5 SEL
100 ## - MAIN ENTRY--PERSONAL NAME
Personal name PATRICIA SELIGMAN
245 ## - TITLE STATEMENT
Title OILS
Statement of responsibility, etc.
250 ## - EDITION STATEMENT
Edition statement 1ST ED.
260 ## - PUBLICATION, DISTRIBUTION, ETC.
Place of publication, distribution, etc. ENGLAND
Name of publisher, distributor, etc. HAMLYN
Date of publication, distribution, etc. 1991
300 ## - PHYSICAL DESCRIPTION
Other physical details PAPERBACK
490 ## - SERIES STATEMENT
Series statement STEP BY STEP ART SCHOOL
650 ## - SUBJECT ADDED ENTRY--TOPICAL TERM
Topical term or geographic name entry element OIL PAINTING
942 ## - ADDED ENTRY ELEMENTS (KOHA)
Koha item type Book
-- 948.5 SEL
Holdings
Withdrawn status Lost status Source of classification or shelving scheme Damaged status Not for loan Collection code Home library Current library Shelving location Date acquired Cost, normal purchase price Total Checkouts Full call number Barcode Date last seen Date last checked out Price effective from Koha item type Public note
            Malaysian Public Library, Research and Development Centre Malaysian Public Library, Research and Development Centre   10/12/2007 53.94   948.5 SEL E0002445 18/03/2021 28/09/2012 18/03/2021 Book mplrdc

© 2022. Malaysian Public Library, Research and Development Centre. All Right ReservedE-mailmplrdc@help.edu.my 

Powered by Koha